| 000 | 00618cam a22002293a 4500 | ||
|---|---|---|---|
| 001 | 19677 | ||
| 003 | PGUSA | ||
| 005 | 20140828083422.0 | ||
| 008 | 061107s2006||||xxu|||||s|||||000 p eng d | ||
| 040 |
_aPGUSA _beng |
||
| 042 | _adc | ||
| 050 | 4 | _aPR | |
| 100 | 1 | _aCaedmon | |
| 245 | 1 | 0 |
_aCaedmon's Hymn _h[electronic resource] / _cCaedmon |
| 260 |
_bProject Gutenberg, _c2006 |
||
| 506 | _aPublic domain in the USA. | ||
| 516 | _aElectronic text | ||
| 653 | _aEnglish poetry -- Old English, ca. 450-1100 | ||
| 830 | 0 |
_aProject Gutenberg _v19677 |
|
| 856 | 4 | 0 | _uhttp://www.gutenberg.org/ebooks/19677 |
| 942 | _cEB | ||
| 999 |
_c248932 _d248932 |
||